000 00694cam a2200217 4500
001 1266548
005 20231204003034.0
008 740925s1973 enk b 001 0 eng
020 _a0902818260 (pbk.)
040 _aDLC
_cDLC
_dDLC
082 0 0 _a301.41/2/0943
_222
_bWER.
100 1 _aThönnessen, Werner,
245 1 4 _aThe emancipation of women;
_bthe rise and decline of the women's movement in German social democracy, 1863-1933;
_ctranslated [from the German] by Joris de Bres.
260 _aLondon,
_bPluto P.,
_c1973.
300 _a185 p.
500 _aTranslation of Frauenemanzipation.
500 _aIncludes index.
650 0 _aWomen
650 0 _aWomen and socialism
942 _cL
999 _c119
_d119